000 00437nam a22001697a 4500
999 _c525551
_d525551
003 NUST
038 _awaseem
082 _a891.4911
_bRAH
100 _aRahi, M A
_916453
245 _aTobhay Thal De /
_cM A Rahi
260 _aDare Ghazi Khan :
_bInsaf Jitab Ghar,
_c2008.
300 _a104 p. ;
500 _aPaperback.
880 _6100-01\r
_aایم اے راھی
880 _6245-02\r
_aٹوبھے تھل دے /
942 _2ddc
_cBK